000 00592nas a22001937a 4500
001 L121121
007 ta
008 190930b2019 ||||| |||| 00| 0 eng d
041 _aeng
100 _aMurphy, Raymond
245 _aScan to BIM
260 _c2019
490 _aRICS Modus
_vSeptember 2019, 37(1)
520 _aLooks at how detailed, accurate computer models derived from laser scans bring some of the benefits of building information modelling (BIM) to older buildings.
650 _aBIM
650 _ahistoric buildings
651 _aUnited Kingdom
690 _96274
_aPropTech
999 _c121121
_d121121